• 首页
  • 本馆介绍
  • 公告通知
  • 最新文献
  • 馆藏检索
  • 电子资源
  • 读者导购
  • 参考咨询
  • 我的图书馆
  • 登录
  • 详细信息显示
  • 放入我的书架
  • 预约/预借图书
  • 作者相关作品
  • 分类相关作品
  • 丛书相关作品
  • 出版社相关作品

书目信息

  • 表格格式
  • 工作单格式
  • 卡片格式
题名:
涉外民商事案件管辖权制度研究
    
 
作者: 李旺 主编
分册:  
出版信息: 北京   知识产权出版社  2004
页数: 207页
开本: 20cm
丛书名:
单 册:
中图分类: D997.3
科图分类:
主题词: 涉外案件--民事诉讼--管辖权--研究
电子资源:
ISBN: 7-80198-029-8
000 00874nam0 2200253 450
001 120000002800
005 20051129102005.10
010    @a7-80198-029-8@dCNY12.00
092    @aCN
100    @a20050405d2004 ekmy0chiy0120 ea
101 0  @achi
102    @aCN@b110000
105    @ay zn 000yy
200 1  @a涉外民商事案件管辖权制度研究@9she wai min shang shi an jian guan xia quan zhi du yan jiu@f李旺主编@Fli wang zhu bian
210    @a北京@c知识产权出版社@d2004
215    @a207页@d20cm
300    @a教育部人文社会科学研究项目
330    @a本书就国际经济交往中所产生的民商事法律纠纷,我国法院应如何确定管辖权的问题进行了探讨,对我国相关领域的法学研究以及司法实践具有重要的参考价值。
606 0  @a涉外案件@x民事诉讼@x管辖权@x研究
690    @aD997.3@v4
701  0 @a李旺@Ali wang@4主编
801  0 @aCN@bNLC@c20051129
905    @a10447@dD997.3@e53
999    @aWJ
    
    涉外民商事案件管辖权制度研究/李旺主编.-北京:知识产权出版社,2004
    207页;20cm
    教育部人文社会科学研究项目
    
    ISBN 7-80198-029-8:CNY12.00
    本书就国际经济交往中所产生的民商事法律纠纷,我国法院应如何确定管辖权的问题进行了探讨,对我国相关领域的法学研究以及司法实践具有重要的参考价值。
●
相关链接 在E读中查询图书 在五车中查询图书 在当当中查询图书 在豆瓣中查询图书


正题名:涉外民商事案件管辖权制度研究     索取号:D997.3/53         预约/预借

序号 登录号 条形码 馆藏地/架位号 状态 备注
1 0369633   203696330   第一样本阅览室/ [索取号:D997.3/53] 在馆    
2 0369634   203696349   第一借阅区/ [索取号:D997.3/53] 在馆    
3 0369635   203696358   第一借阅区/ [索取号:D997.3/53] 在馆    
4 0369636   203696367   第一借阅区/ [索取号:D997.3/53] 在馆    
5 0369637   203696376   第一借阅区/ [索取号:D997.3/53] 在馆    
唐山师范学院图书馆 欢迎您!
大连网信软件有限公司© 版权所有